Federico el Grande / (Record no. 113021)

MARC details
000 -LEADER
campo de control de longitud fija 00585nam a2200181 4500
001 - NÚMERO DE CONTROL
campo de control 113021
003 - IDENTIFICADOR DE NÚMERO DE CONTROL
campo de control ES-MaACL
005 - FECHA Y HORA DE LA ÚLTIMA TRANSACCIÓN
campo de control 20240429104934.0
007 - CAMPO FIJO DE DESCRIPCIÓN FÍSICA--INFORMACIÓN GENERAL
campo de control de longitud fija t|
008 - DATOS DE LONGITUD FIJA--INFORMACIÓN GENERAL
campo de control de longitud fija 061121s1969 sp r ||||1| spa d
100 1# - ENTRADA PRINCIPAL--NOMBRE DE PERSONA
Nombre de persona Nulli, Domenico.
9 (RLIN) 86131
245 10 - MENCIÓN DEL TÍTULO
Título Federico el Grande /
Mención de responsabilidad, etc. Domenico Nulli ; traducción y adaptación de José María Alonso Gamo.
260 ## - PUBLICACIÓN, DISTRIBUCIÓN, ETC.
Lugar de publicación, distribución, etc. Madrid :
Nombre del editor, distribuidor, etc. Prensa Española,
Fecha de publicación, distribución, etc. 1969.
300 ## - DESCRIPCIÓN FÍSICA
Extensión 75 p., 2 lám. :
Otras características físicas il. ;
Dimensiones 29 cm.
700 0# - ENTRADA AGREGADA--NOMBRE PERSONAL
Nombre de persona Alonso Gamo, José María,
Fechas asociadas al nombre 1913-1993
9 (RLIN) 20317
852 ## - LOCALIZACIÓN
Ubicación ES-MaACL
Número de control de estantería C-35753
Sublocalización o colección R.69214
Holdings
Estatus retirado Estado de pérdida Estado de daño No para préstamo Biblioteca de origen Biblioteca actual Ubicación en estantería Fecha de adquisición Fuente de adquisición Total de préstamos Signatura topográfica completa Código de barras Visto por última vez Precio de reemplazo Tipo de ítem Koha
        Biblioteca del Ateneo de Madrid Biblioteca del Ateneo de Madrid Depósito 2 17/01/2008     C-35753 1117890 23/02/2023 23/02/2023 Libro impreso